000
00251nam a2200097Ia 4500
001
687991
005
20250826161606.0
008
250824s9999 xx 000 0 und d
245
0
_a
PRENSES HİÇGÜLMEZİN TATİLİ
_c
SALLY PRUE
260
_b
MARTI YAYINLARI
999
_c
687991
_d
687991